|
|
|
|
| LEADER |
01754nam a22003377a 4500 |
| 001 |
45176 |
| 003 |
BD-DhAAL |
| 005 |
20260112154741.0 |
| 008 |
251224t2017 sz a|||| b||| 00| 0 eng d |
| 020 |
|
|
|a 9789290687559
|
| 040 |
|
|
|a BD-DhAAL
|c BD-DhAAL
|
| 082 |
|
|
|a 364.15
|2 22 305.9069
|
| 245 |
|
|
|a Migrant vulnerability to human trafficking and exploitation :
|b evidence from the Central and Eastern Mediterranean migration routes /
|c IOM ; Eliza Galos, Laura Bartolini, Harry Cook and Naomi Grant.
|
| 260 |
|
|
|a Geneva, Switzerland :
|b International Organization for Migration,
|c 2017.
|
| 300 |
|
|
|a xvii, 73 pages :
|b illustrations ;
|c 30 cm
|
| 504 |
|
|
|a Includes bibliographical references
|
| 541 |
|
|
|a Donated by K. Shamsuddin Mahmood (Professor and Dean School of Law) BRAC University
|e 45176
|
| 650 |
|
|
|a Migrants.
|9 60005
|
| 650 |
|
|
|a Human trafficking.
|
| 650 |
|
|
|a Migranten.
|9 60004
|
| 650 |
|
|
|a Arbeitsmigranten.
|9 60006
|
| 650 |
|
|
|a Migrant workers.
|9 60007
|
| 700 |
|
|
|a Galos, Eliza.
|9 60008
|
| 700 |
|
|
|a Bartolini, Laura.
|9 60009
|
| 700 |
|
|
|a Cook, Harry.
|9 60010
|
| 700 |
|
|
|a Grant, Naomi
|9 60011
|
| 710 |
|
|
|a International Organization for Migration.
|9 60003
|
| 856 |
|
|
|z Full text available on IOM Publications
|u https://publications.iom.int/system/files/pdf/migrant_vulnerability_to_human_trafficking_and_exploitation.pdf
|
| 942 |
|
|
|2 ddc
|c BK
|
| 999 |
|
|
|c 47686
|d 47686
|
| 952 |
|
|
|0 0
|1 0
|2 ddc
|4 0
|6 364_150000000000000_MIG
|7 0
|8 RPT
|9 78647
|a BRACUL
|b BRACUL
|c GEN
|d 2025-12-24
|e Donated by K. Shamsuddin Mahmood (Professor and Dean School of Law) BRAC University
|l 0
|o 364.15 MIG
|p 3010045176
|r 2025-12-24
|t 1
|w 2025-12-24
|y BK
|x Donated copy received from K. Shamsuddin Mahmood (Professor and Dean School of Law) BRAC University on 8 December 2025
|